Nom de famille de la promo - Statistiques

Statistiques générales
  • Ce quiz a été pris 50 fois
    7 depuis la dernière actualisation
  • Le résultat moyen est 47 sur 64
Statistiques - réponses
Hint Réponse % Correct
Milo Aucouturier
100%
Maëlle Biocco
100%
Noah Cerdan
100%
Maelle Chauvet
100%
Chloé Clark
100%
Titouan Connehaye
100%
Carla Cuoq
100%
Camille Debeix
100%
Camille Duflocq
100%
Corentin Galtier
100%
Gabriel Lepage-Landre
100%
Cali Vastel-Lenormand
100%
Camille Zilliox
100%
Maëlys Baloge
75%
Maïwenn Bonnanfant
75%
Chloé Bosacki
75%
Ambre Cécilia
75%
Sarah Champagne
75%
Enzo Chevalier
75%
Bertille Clouet
75%
Victor Consolaro
75%
Elise Crespel
75%
Océane Dardard
75%
Enzo David
75%
Mehdi Dehnoun
75%
Océane Elice
75%
Natacha Gay
75%
Quentin Giro
75%
Titouan Goudin
75%
William Hart
75%
Morgane Jouan
75%
Pierre Lautour
75%
Capucine Lesage
75%
Zoé Maniglier
75%
Claire Monnier
75%
Elisa Mulder
75%
Lilian Palka
75%
Côme Piganeau
75%
Yanis Porin
75%
Maéva Prono
75%
Dorian Schweitzer
75%
Guillaume Tondu
75%
Andréas Trovel
75%
Emilie Urvoy
75%
Rose Valance
75%
Eroan Van Acker
75%
Juliette Bonnain-Guidat
50%
Aubin Demoures
50%
Berenice Fetter
50%
Antoine Gabillet
50%
Lilou Geffroy
50%
Elie Jaunet-Roy
50%
Laura Kadouri
50%
Alexis Lannuzel
50%
Paul Lelievre
50%
Syméon Mabire
50%
Ludovic Martin
50%
Jeanne Moyon
50%
Louise Pinel
50%
Octave Renault
50%
Guillaume Rioual
50%
Manon Steinmetz
50%
Clémence Tessier
50%
Thelma Dolley-gallet
25%
Aucun quiz correspondant
Distribution des résultats
% des personnes avec chaque résultat
Percentile par nombre de réponses
Votre historique - résultats
Vous n’avez pas pris ce quiz depuis la dernière actualisation